Real cédula al Cabido Eclesiástico de Sevilla, donde les ordena el mayor respeto para el Arzobispo de esa ciudad

Detalles Bibliográficos
Formato: Libro
Publicado: Madrid, 1688
Materias:
Colección:Banco de datos
Acervo:Biblioteca Palafoxiana. Colección de Manuscritos
Descripción Física:1 f. ; 20 x 14 cm.
Tema general:Civil
LEADER 00414nam a22001330004500
035 |a 1233 
245 1 0 |a Real cédula al Cabido Eclesiástico de Sevilla, donde les ordena el mayor respeto para el Arzobispo de esa ciudad 
260 |a Madrid, 1688 
300 |a 1 f. ; 20 x 14 cm. 
650 1 0 |a Civil 
949 |a 32207/008 
942 |c PALAMANU 
943 |g Biblioteca Palafoxiana. Colección de Manuscritos 
999 |c 1069178  |d 1069178